000
00330nam a2200133Ia 4500
008
240624s9999 xx 000 0 und d
041
_a
eng
082
_a
658.05 HOL
100
_a
HOLTSNIDER BILL
245
_a
IT MANAGERS HANDBOOK GETTING YOUR NEW JO
260
_c
2001
_a
USA
_b
Academic Press
300
_a
xxx, : 337
365
_c
RS
999
_c
2179
_d
2179